[Event "24th Moratalaz Open"]
[Site "Madrid ESP"]
[Date "2011.09.16"]
[Round "2.4"]
[White "Rosa Ramirez,V"]
[Black "Fernandez Cardoso,A"]
[Result "0-1"]
[WhiteElo "1952"]
[BlackElo "2465"]

1.e4 c5 2.Nf3 e6 3.d4 cxd4 4.Nxd4 a6 5.Bd3 Nf6 6.O-O Qc7 7.Qe2 d6 8.Nc3 Be7
9.Be3 O-O 10.a4 b6 11.Nb3 Nc6 12.f4 Re8 13.Kh1 Bb7 14.e5 dxe5 15.fxe5 Nxe5
16.Bf4 Bd6 17.Bxe5 Bxe5 18.Rae1 Bxh2 19.Rxf6 gxf6 20.Qh5 Be5 21.Bxh7+ Kg7
22.Re3 Rh8 23.Rh3 Kf8 24.Kg1 Ke7 25.Qe2 Rad8 26.Nd2 Bd4+ 27.Kh1 Qf4 28.Nde4 Bxc3
29.bxc3 Rxh7 30.Rxh7 Bxe4  0-1

[Event "e2e4 Sunningdale Autumn"]
[Site "Sunningdale ENG"]
[Date "2011.09.16"]
[Round "1"]
[White "Truman,R"]
[Black "Savage,Nicholas W"]
[Result "0-1"]
[WhiteElo "1978"]
[BlackElo "2133"]

1.e4 c5 2.Nf3 e6 3.d4 cxd4 4.Nxd4 a6 5.Bd3 Bc5 6.Nb3 Be7 7.O-O d6 8.Qg4 g6
9.Nc3 Nf6 10.Qe2 O-O 11.f4 Nbd7 12.Be3 Qc7 13.f5 Ne5 14.Bg5 b5 15.a3 Bb7
16.Qe1 exf5 17.Qh4 Qd8 18.exf5 h6 19.Bxf6 Bxf6 20.Qxh6 Bg5 21.Qh3 Kg7 22.Be4 Rh8
23.Qg3 Qb6+ 24.Kh1 Rxh2+ 25.Qxh2 Rh8 26.Qxh8+ Kxh8 27.fxg6 fxg6 28.Rf8+ Kg7
29.Rb8 Qf2 30.Rxb7+ Kh6 31.Nd5 Qh4+ 32.Kg1 Qxe4 33.Kf2 Bh4+  0-1

[Event "ch-Euro Youth b14"]
[Site "Albena BUL"]
[Date "2011.09.18"]
[Round "7.14"]
[White "Hauge,Lars Oskar"]
[Black "Hovhannisyan,Karen"]
[Result "0-1"]
[WhiteElo "2086"]
[BlackElo "2050"]

1.e4 c5 2.Nf3 e6 3.d4 cxd4 4.Nxd4 a6 5.Bd3 Qc7 6.O-O Nf6 7.Qe2 d6 8.Nc3 Be7
9.Be3 Nbd7 10.f4 O-O 11.Rae1 Nc5 12.Bf2 e5 13.fxe5 dxe5 14.Nf5 Bxf5 15.exf5 Rfe8
16.Ne4 Nxd3 17.Nxf6+ Bxf6 18.Qxd3 Rad8 19.Qe2 e4 20.c3 Qa5 21.a3 Qa4 22.Rd1 e3
23.Bg3 Bg5 24.Rfe1 h6 25.c4 Kh7 26.Rxd8 Rxd8 27.h4 Rd2 28.Qf3 Bf6 29.Kh2 Qxc4
30.Rxe3 Rxb2 31.Re4 Qc6 32.a4 b5 33.axb5 axb5 34.Be1 Qc5 35.Qg4 Be5+ 36.Bg3 Bxg3+
37.Qxg3 Rb1 38.Qf3 Qg1+ 39.Kg3 Rf1 40.Qe2 Rxf5 41.Rg4 Qc5 42.Qd3 g6 43.Kh3 Qb6
44.Qb3 Qd6 45.Qe3 Rf1 46.g3 Qd5 47.Qe4 Qd1 48.Rf4 Rxf4 49.Qxf4 Qd5 50.Qc7 Qc4
51.Qb7 b4 52.h5 gxh5 53.Qb8 b3 54.Qb7 Kg7 55.Qb8 Qc3 56.Qb6 b2 57.Qb8 Qd4
58.Qb7 Qg4+ 59.Kh2 Qe2+  0-1

[Event "ch-Euro Youth g18"]
[Site "Albena BUL"]
[Date "2011.09.18"]
[Round "7.23"]
[White "Byrka,J"]
[Black "Tulay,S"]
[Result "1/2-1/2"]
[WhiteElo "1925"]
[BlackElo "1784"]

1.e4 c5 2.Nf3 e6 3.d4 cxd4 4.Nxd4 a6 5.Bd3 Qc7 6.O-O Nf6 7.Qe2 d6 8.c4 Be7
9.Kh1 Nbd7 10.f4 b6 11.Nc3 Bb7 12.Bd2 Nc5 13.Bc2 Rd8 14.Rae1 O-O 15.Nf3 e5
16.f5 Rfe8 17.Ng1 b5 18.b4 Ncd7 19.cxb5 axb5 20.Bd3 d5 21.Nxb5 Qb6 22.Be3 d4
23.Bd2 Bxe4 24.Bxe4 Nxe4 25.Qxe4 Qxb5 26.a3 Bd6 27.Bg5 f6 28.Bd2 Rc8 29.Rc1 Nb6
30.Rxc8 Rxc8 31.Rc1 Rxc1 32.Bxc1 Qd5 33.Qxd5+ Nxd5 34.Nf3 Nc3 35.Bb2 Ne2  1/2-1/2

[Event "10th Istanbul Open A"]
[Site "Istanbul TUR"]
[Date "2011.09.18"]
[Round "9"]
[White "Primbetov,K"]
[Black "Tasci,Sabri"]
[Result "1-0"]
[WhiteElo "2214"]
[BlackElo "1902"]

1.e4 c5 2.Nf3 e6 3.d4 cxd4 4.Nxd4 a6 5.Bd3 Qc7 6.O-O Nf6 7.Nc3 b5 8.a4 b4
9.Nb1 Bb7 10.Qe2 Bc5 11.Nf3 d6 12.Nbd2 Nbd7 13.Nb3 Ba7 14.Bd2 Nc5 15.Nxc5 Bxc5
16.c3 b3 17.Nd4 d5 18.e5 Ne4 19.Nxb3 Ba7 20.Be3 Bb8 21.Bd4 f6 22.f4 f5 23.Qh5+ g6
24.Qh6 Rg8 25.Rac1 Qd7 26.a5 g5 27.fxg5 Rg6 28.Qh5 Qg7 29.Bxe4 dxe4 30.Nc5 Bc6
31.Nxe6 Qf7 32.Rxf5 Qxe6 33.Rcf1 Qg8 34.Rf8+ Qxf8 35.Rxf8+ Kxf8 36.Qxh7 Re6
37.g6 Ra7 38.Qh8+ Ke7 39.g7 Rg6 40.Qf8+ Kd7 41.Qf7+ Kc8 42.Qxg6  1-0

[Event "4th Mumbai Mayors Cup"]
[Site "Mumbai IND"]
[Date "2011.09.18"]
[Round "4"]
[White "Shyam,SM"]
[Black "Prakash,G"]
[Result "1/2-1/2"]
[WhiteElo "2457"]
[BlackElo "2332"]

1.e4 c5 2.Nf3 e6 3.d4 cxd4 4.Nxd4 a6 5.Bd3 Bc5 6.Nb3 Be7 7.f4 d6 8.Qf3 Nc6
9.Nc3 Qc7 10.Be3 b5 11.g4 Nf6 12.g5 Nd7 13.h4 Bb7 14.h5 Nc5 15.O-O g6 16.a3 h6
17.hxg6 fxg6 18.Nxc5 dxc5 19.Qh3 Nd4 20.gxh6 Qc6 21.Rae1 O-O-O 22.Nd5 Rxd5
23.exd5 Qxd5 24.Bxd4 Qxd4+ 25.Rf2 Bd5 26.Rxe6 Bxe6 27.Qxe6+ Kd8 28.Qb6+ Kd7
29.Qb7+ Kd8 30.Qb6+ Kd7 31.Qxg6 c4 32.Qg7 Qxg7+ 33.hxg7 Rg8 34.Bf5+ Kc7 35.Rg2 Bf6
36.c3 Rxg7 37.Bg6 a5 38.Kf1 Kb6 39.Ke1 b4 40.axb4 axb4 41.cxb4 Kb5 42.Kd1 Kxb4
43.Kc2 Kc5 44.Kc1 Re7  1/2-1/2

[Event "4th Mumbai Mayors Cup"]
[Site "Mumbai IND"]
[Date "2011.09.18"]
[Round "4"]
[White "Kravtsiv,M"]
[Black "Debashis,D"]
[Result "1-0"]
[WhiteElo "2583"]
[BlackElo "2375"]

1.e4 c5 2.Nf3 e6 3.d4 cxd4 4.Nxd4 a6 5.Bd3 Nf6 6.Nc3 Qc7 7.O-O d6 8.f4 g6
9.f5 Bg7 10.fxe6 fxe6 11.Kh1 O-O 12.Bg5 Bd7 13.Qe1 Nc6 14.Nxc6 Bxc6 15.Bc4 Bd7
16.Bb3 Ng4 17.Qh4 Rxf1+ 18.Rxf1 Ne5 19.Ne2 Re8 20.Nf4 Bc8 21.h3 Nf7 22.Bf6 Bxf6
23.Qxf6 Qe7 24.Qxe7 Rxe7 25.Rf3 Ne5 26.Rc3 Nc6 27.Rd3 g5 28.Ne2 Na5 29.Rxd6 Kf7
30.Nd4 Nxb3 31.Nxb3 Rc7 32.c3 Kf6 33.Nd2 Ke5 34.Rd4 Kf4 35.Kg1 g4 36.hxg4 e5
37.Rd8 Ke3 38.g5 Bd7 39.Nc4+ Kxe4 40.Nd6+ Ke3 41.Nc4+ Ke4 42.Kf2 Be6 43.Nd6+ Kf4
44.a4 Kxg5 45.a5 Bd5 46.Ke3 Rc5 47.c4  1-0

[Event "11th Josipa Ipavca Mem"]
[Site "Sentjur SLO"]
[Date "2011.09.18"]
[Round "6"]
[White "Kersic,M"]
[Black "Loncar,R"]
[Result "0-1"]
[WhiteElo "2139"]
[BlackElo "2385"]

1.e4 c5 2.Nf3 e6 3.d4 cxd4 4.Nxd4 a6 5.Bd3 Bc5 6.Nb3 Be7 7.a4 Nc6 8.O-O Nf6
9.f4 d6 10.Kh1 O-O 11.a5 b5 12.axb6 Qxb6 13.Qe2 Qc7 14.Nc3 Nb4 15.Be3 Rb8
16.Nd4 Nxd3 17.cxd3 Qb7 18.Rfb1 Bd7 19.Nf3 Rfc8 20.h3 Bd8 21.Kh2 Bc7 22.Qf2 Bb6
23.Nd2 Bxe3 24.Qxe3 Bb5 25.d4 h6 26.Ra3 Bc4 27.Nxc4 Rxc4 28.e5 dxe5 29.dxe5 Nh5
30.Ra4 Rxa4 31.Nxa4 Qb4 32.Nc5 Qxf4+ 33.Qxf4 Nxf4 34.Nxa6 Rb5 35.b4 Nd3 36.Rb3 Nxe5
37.Nc7 Rb7 38.Na6 Rb6 39.b5 Nc4 40.Rc3 Nd6 41.Rc6 Rxc6 42.bxc6 Kf8 43.Kg3 Ke7
44.Kf4 Nb5 45.Nc5 Na7 46.c7 Kd6 47.Na6 Kd7 48.Ke5 Nc6+ 49.Ke4 Ne7 50.Ke5 Kc6
51.h4 h5 52.g3 Kb7 53.Nc5+ Kxc7 54.Nxe6+ fxe6 55.Kxe6 Kd8 56.Kf7 Nf5 57.Kg6 Nxg3  0-1

[Event "ch-Euro Youth b18"]
[Site "Albena BUL"]
[Date "2011.09.19"]
[Round "8.38"]
[White "Pavel,Se"]
[Black "Matijevic,Jure"]
[Result "1-0"]
[WhiteElo "1971"]
[BlackElo "2083"]

1.e4 c5 2.Nf3 e6 3.d4 cxd4 4.Nxd4 a6 5.Bd3 Qc7 6.O-O Nc6 7.Nxc6 bxc6 8.c4 Bb7
9.Qe2 Bc5 10.Nc3 Ne7 11.Na4 Bd4 12.c5 Ng6 13.Be3 Nf4 14.Qd2 Bxe3 15.Qxe3 a5
16.Nb6 Rd8 17.Rfd1 Nxd3 18.Rxd3 d6 19.Rad1 d5 20.exd5 cxd5 21.Nxd5 Bxd5 22.Rxd5 O-O
23.Rxd8 Rxd8 24.Rxd8+ Qxd8 25.h3 Qd1+ 26.Kh2 Qd5 27.Qc3 Kf8 28.Qxa5 Qe5+
29.Kg1 Ke7 30.Qc3 Qd5 31.a3 Kd7 32.b4 Qd1+ 33.Kh2 Qe2 34.Qf3 Qe5+ 35.Qg3 Qb2
36.Qd6+  1-0

[Event "ch-Euro Youth g16"]
[Site "Albena BUL"]
[Date "2011.09.20"]
[Round "9.4"]
[White "Ziaziulkina,N"]
[Black "Iwanow,A"]
[Result "0-1"]
[WhiteElo "2296"]
[BlackElo "2191"]

1.e4 c5 2.Nf3 e6 3.d4 cxd4 4.Nxd4 a6 5.Bd3 Bc5 6.Nb3 Be7 7.O-O Qc7 8.Nc3 d6
9.f4 Nd7 10.Qf3 Ngf6 11.Bd2 b6 12.Rae1 Bb7 13.Qh3 h5 14.a4 Ng4 15.Kh1 g6
16.Be2 O-O-O 17.a5 b5 18.Nxb5 axb5 19.Bxb5 Nc5 20.Nxc5 Qxc5 21.Qc3 Bf6 22.e5 Bh4
23.Re2 Kb8 24.Qxc5 dxc5 25.a6 Bd5 26.Ba5 Rc8 27.c4 Bc6 28.Rd2 Ne3 29.Rc1 Nf5
30.Bb6 Be7 31.Rd7 Bxd7 32.Bxd7 Bd8 33.Bxc8 Bxb6 34.Bb7 Rd8 35.g3 Ba5 36.Ra1 Bb4
37.Bc6 Ka7 38.Kg2 Ne3+ 39.Kf3 Nxc4  0-1

[Event "4th Mumbai Mayors Cup"]
[Site "Mumbai IND"]
[Date "2011.09.20"]
[Round "7"]
[White "Chadaev,N"]
[Black "Kulkarni,R"]
[Result "1-0"]
[WhiteElo "2564"]
[BlackElo "2233"]

1.e4 c5 2.Nf3 e6 3.d4 cxd4 4.Nxd4 a6 5.Bd3 Ne7 6.O-O Nbc6 7.Nxc6 Nxc6 8.Qg4 g6
9.Bg5 f6 10.Be3 Bg7 11.Qg3 O-O 12.Nd2 f5 13.Rad1 b5 14.Bg5 Qe8 15.Rfe1 Qf7
16.exf5 gxf5 17.Nf3 Kh8 18.Bf1 Rg8 19.c3 e5 20.Rxe5 Bxe5 21.Nxe5 Qg7 22.Nf3 Qf7
23.Rd6 Rg6 24.h4 Bb7 25.Rxg6 Qxg6 26.Qc7 Bc8 27.Be3 Qe8 28.Bd3 d5 29.Nd4 Ne7
30.Qe5+ Kg8 31.Bg5 Kf8 32.Bh6+  1-0

[Event "Caissa GM Sept 2011"]
[Site "Kecskemet HUN"]
[Date "2011.09.22"]
[Round "6.3"]
[White "Hou,Qiang"]
[Black "Sax,G"]
[Result "0-1"]
[WhiteElo "2320"]
[BlackElo "2492"]

1.e4 c5 2.Nf3 e6 3.d4 cxd4 4.Nxd4 a6 5.Bd3 Bc5 6.Nb3 Be7 7.O-O d6 8.c4 Nf6
9.Nc3 b6 10.Be3 O-O 11.Qe2 Bb7 12.Rfd1 Nbd7 13.Rac1 Ne5 14.f3 Nfd7 15.Nd4 Nxd3
16.Qxd3 Qc7 17.b3 Rac8 18.Nde2 Rfd8 19.Nf4 Qb8 20.Qe2 Bc6 21.Nd3 Ba8 22.a4 Nc5
23.Qa2 Bf6 24.Nxc5 bxc5 25.Rd3 Be5 26.h3 Rf8 27.Ne2 f5 28.exf5 Rxf5 29.Qd2 Rcf8
30.Bf2 Qb7 31.Qe3 Qf7 32.Re1 Qg6 33.Kh1 Rg5 34.Rg1 Bb7 35.a5 h6 36.Rdd1 Rxg2
37.Rxg2 Rxf3 38.Rd5 Qxg2+ 39.Kxg2 Rxe3 40.Bxe3 exd5 41.Kf2 g5 42.Bd2 dxc4
43.bxc4 Bc8 44.h4 gxh4 45.Bxh6 Be6 46.Bg5 Bxc4 47.Bxh4 Bxe2 48.Kxe2 Kf7 49.Kd3 Ke6
50.Kc4 Bd4 51.Bd8 d5+ 52.Kd3 Kd7 53.Bb6 Kc6 54.Ba7 Be5  0-1

[Event "Caissa GM Sept 2011"]
[Site "Kecskemet HUN"]
[Date "2011.09.24"]
[Round "8.4"]
[White "Groszpeter,A"]
[Black "Sax,G"]
[Result "1/2-1/2"]
[WhiteElo "2521"]
[BlackElo "2492"]

1.e4 c5 2.Nf3 e6 3.d4 cxd4 4.Nxd4 a6 5.Bd3 Nf6 6.O-O Qc7 7.Qe2 d6 8.f4 Nbd7
9.Kh1 Be7 10.Nc3 b5 11.a3 Bb7 12.Bd2 O-O 13.Rae1 Rad8 14.Nf3 Nc5 15.b4 Nxd3  1/2-1/2

[Event "TCh-HUN 2011-12"]
[Site "Budapest HUN"]
[Date "2011.09.25"]
[Round "1"]
[White "Jamrich,G"]
[Black "Horvath,Ju"]
[Result "1-0"]
[WhiteElo "2311"]
[BlackElo "2211"]

1.e4 c5 2.Nf3 e6 3.d4 cxd4 4.Nxd4 a6 5.Bd3 Qc7 6.O-O Nc6 7.Nb3 b5 8.a4 b4
9.a5 Bb7 10.f4 d6 11.Be3 Nf6 12.N1d2 Nd7 13.Qg4 h5 14.Qh3 Be7 15.Nc4 h4 16.g4 e5
17.f5 Rd8 18.Nb6 Nc5 19.Nd5 Qc8 20.Qf3 Nd4 21.Nxd4 Bxd5 22.exd5 Nxd3 23.Nc6 Nxb2
24.Nxe7 Qb7 25.f6 g6 26.Bb6 Rd7 27.Qb3 h3 28.Nc6 Qc8 29.Qxb2 Rc7 30.Qxb4 Rh4
31.Ra4 Rxc6 32.dxc6 Qxc6 33.Qe4  1-0

[Event "TCh-HUN 2011-12"]
[Site "Kecskemet HUN"]
[Date "2011.09.25"]
[Round "1"]
[White "Kislik,E"]
[Black "Izsak,Gyu"]
[Result "1/2-1/2"]
[WhiteElo "2320"]
[BlackElo "2474"]

1.e4 c5 2.Nf3 e6 3.d4 cxd4 4.Nxd4 a6 5.Bd3 Nc6 6.Nxc6 dxc6 7.Nd2 e5 8.Nc4 Be6
9.Qf3 Nf6 10.O-O Qc7 11.a4 Be7 12.Be3 O-O 13.Bb6 Qb8 14.a5 Nd7 15.Be3 Qc7
16.Nb6 Rad8 17.Nxd7 Rxd7 18.Bb6 Qc8 19.Rfd1 Bd8 20.Bc5 Be7 21.Bb6 Bd8 22.Bc5 Be7
23.Bb6  1/2-1/2

[Event "TCh-HUN 2011-12"]
[Site "Mako HUN"]
[Date "2011.09.25"]
[Round "1"]
[White "Csirik,A"]
[Black "Balazs,G2"]
[Result "1/2-1/2"]
[WhiteElo "2304"]
[BlackElo "2435"]

1.e4 c5 2.Nf3 e6 3.d4 cxd4 4.Nxd4 a6 5.Bd3 Bc5 6.Nb3 Ba7 7.Qg4 Nf6 8.Qg3 d6
9.Nc3 Nc6 10.Be3 Bxe3 11.Qxe3 O-O 12.O-O-O b5 13.f4 Qc7 14.Rhe1 Nd7 15.Qh3 g6
16.f5 Nf6 17.g4 b4 18.Ne2 exf5 19.exf5 Ne5 20.Qh4 Nfxg4 21.Be4 Bxf5 22.Bxf5 gxf5
23.Nf4 Nf3 24.Qh5 Nxe1 25.Rxe1 Rfe8 26.Rd1 Re5 27.Nd4 Rc8 28.h3 Rc5 29.c3 bxc3
30.Qg5+ Kh8 31.b4 f6 32.Qh4 c2 33.Rd2 Re5 34.Rxc2 Qb7 35.hxg4 Rxc2+ 36.Kxc2 Qe4+
37.Nd3 Qxd4 38.Qxf6+ Kg8 39.Nxe5 dxe5 40.Qe6+ Kg7 41.gxf5 Qe4+ 42.Kb3  1/2-1/2

[Event "Vasteras Open"]
[Site "Vasteras SWE"]
[Date "2011.09.25"]
[Round "8"]
[White "Blomqvist,E"]
[Black "Miezis,N"]
[Result "1/2-1/2"]
[WhiteElo "2469"]
[BlackElo "2534"]

1.Nf3 c5 2.e4 e6 3.d4 cxd4 4.Nxd4 a6 5.Bd3 Nc6 6.Nxc6 dxc6 7.Nd2 Qc7 8.a4 Nf6
9.Qf3 e5 10.Nc4 Be6 11.Bd2 Nd7 12.Qg3 f6 13.O-O Nc5 14.Rfe1 Nxd3 15.cxd3 Bxc4  1/2-1/2

[Event "FPX 70 Anos"]
[Site "Sao Paulo BRA"]
[Date "2011.09.27"]
[Round "4.1"]
[White "Santiago,Y"]
[Black "Lebredo Zaragoitia,G"]
[Result "1-0"]
[WhiteElo "2314"]
[BlackElo "2240"]

1.e4 c5 2.Nf3 e6 3.d4 cxd4 4.Nxd4 a6 5.Bd3 Nf6 6.Nc3 Qc7 7.Qe2 Nc6 8.Nxc6 bxc6
9.O-O Bd6 10.f4 e5 11.g3 Bb7 12.Be3 h5 13.Bc4 O-O 14.f5 Be7 15.Rad1 Rfd8
16.Na4 d5 17.Bb6 Qb8 18.Bxd8 Qxd8 19.Bd3 c5 20.c4 d4 21.h3 Bc6 22.b3 Rb8
23.Nb2 Qa5 24.Ra1 Nh7 25.Qxh5 Bg5 26.Nd1 Rxb3 27.Qe2 Ra3 28.f6 Nxf6 29.Rf3 Rxd3
30.Rxd3 Nxe4 31.Nf2 Nxf2 32.Qxf2 Qa4 33.Rb3 g6 34.h4 Be3 35.Rxe3 dxe3 36.Qe2 Qa3
37.Re1 Kh7 38.h5 g5 39.Qxe3 Qxa2 40.Qf2 Qxc4 41.Qf5+ Kh6 42.Qf6+  1-0

[Event "Tatry Open"]
[Site "Tatranske Zruby SVK"]
[Date "2011.09.28"]
[Round "5.40"]
[White "Sebo,Viktor"]
[Black "Valenta,V jr"]
[Result "0-1"]
[WhiteElo "1924"]
[BlackElo "2161"]

1.e4 c5 2.Nf3 e6 3.d4 cxd4 4.Nxd4 a6 5.Bd3 Qc7 6.Nc3 Nc6 7.Nb3 Nf6 8.O-O Be7
9.f4 d6 10.Kh1 b5 11.a3 Bb7 12.f5 exf5 13.Rxf5 Ne5 14.Bg5 Nfg4 15.Be2 g6
16.Bxe7 Qxe7 17.Rf4 h5 18.Nd5 Bxd5 19.Qxd5 Rd8 20.h3 g5 21.Bxg4 gxf4 22.Bf5 Rg8
23.Nd4 Qg5 24.Rg1 f3 25.g4 f2 26.Rf1 Qe3 27.Kg2 hxg4 28.hxg4 Nxg4 29.Qc6+ Kf8  0-1

[Event "FPX 70 Anos"]
[Site "Sao Paulo BRA"]
[Date "2011.09.30"]
[Round "7.3"]
[White "Quintiliano Pinto,R"]
[Black "Terao,R"]
[Result "0-1"]
[WhiteElo "2277"]
[BlackElo "2358"]

1.e4 c5 2.Nf3 e6 3.d4 cxd4 4.Nxd4 a6 5.Bd3 Nf6 6.O-O Qc7 7.Nc3 d6 8.f4 b5
9.Qf3 Bb7 10.Nb3 Nbd7 11.Bd2 Be7 12.Rae1 O-O 13.Qh3 g6 14.f5 b4 15.Nd1 exf5
16.exf5 Ne5 17.Bh6 Rfe8 18.Bg5 Nfg4 19.Rxe5 Nxe5 20.f6 Bf8 21.Bh6 Qb6+ 22.Kh1 Nxd3
23.Ne3 Rxe3 24.Bxe3 Nc5 25.Nd4 Re8 26.Nf5 Qc6 27.Rf3 Qd7 28.Nh6+ Kh8 29.Qxd7 Nxd7
30.Nxf7+ Kg8 31.Nh6+ Kh8 32.Nf7+ Kg8 33.Nxd6 Nxf6 34.Nxe8 Nxe8 35.Rf1 Bd5
36.a3 bxa3 37.bxa3 Nc7 38.a4 Bc6 39.a5 Nd5 40.Bd4 Bd6 41.Rb1 Bb5 42.Bb6 Kf7
43.Rd1 Ke6 44.Rd4 Bc6 45.Rh4 h5 46.Re4+ Kf5 47.Rc4 Bb7 48.Bc5 Be5 49.Kg1 g5
50.h3 h4 51.Bd4 Bg3 52.Bf2 Bc7 53.Be1 Be5 54.Bd2 Nf6 55.Be3 Nd5 56.Bd2 Bf6
57.Kf1 Be7 58.Rg4 Bc6 59.c4 Nc7 60.Ke2 Ne6 61.g3 hxg3 62.Rxg3 Nf4+ 63.Kf1 Be4
64.Bxf4 gxf4 65.Rb3 Bc5 66.Rc3 f3 67.Rb3 Kf4 68.Rc3 Bf5  0-1

[Event "Tatry Open"]
[Site "Tatranske Zruby SVK"]
[Date "2011.09.30"]
[Round "7.46"]
[White "Fejtek,P"]
[Black "Vanka,M"]
[Result "0-1"]
[WhiteElo "1903"]
[BlackElo "2113"]

1.e4 e6 2.d4 c5 3.Nf3 cxd4 4.Nxd4 a6 5.Bd3 Bc5 6.Nb3 Be7 7.O-O d6 8.Nc3 Nf6
9.Bg5 Nxe4 10.Bxe7 Nxc3 11.Qg4 Kxe7 12.bxc3 g6 13.Rad1 f5 14.Qh4+ Kf7 15.Qg3 Nc6
16.Rfe1 Qe7 17.Bc4 Ne5 18.Rxe5 dxe5 19.Qxe5 Rd8 20.Rxd8 Qxd8 21.Nd4 Qf6 22.Qc7+ Qe7
23.Qb6 Kf8 24.f4 Bd7 25.Qxb7 Re8 26.Nf3 Bb5 27.Qxe7+ Kxe7 28.Bb3 Rc8 29.Kf2 Rxc3
30.Ne5 a5 31.a4 Bc6 32.Nc4 Bxa4 33.Nxa5 Bxb3 34.cxb3 Kd6 35.Nc4+ Kc5 36.Nd2 Kd4
37.g3 Rc2 38.Ke1 Kc3 39.Nf3 h6 40.Kf1 Rb2 41.Ke1 Rxb3 42.Ke2 Rb4 43.Ke3 Re4+
44.Kf2 Kd3 45.Ng1 g5 46.fxg5 hxg5 47.h3 g4 48.h4 Ra4 49.Kg2 Ra2+ 50.Kh1 Ke3
51.h5 Kf2 52.h6 Kxg3  0-1

[Event "ch-HUN w 2011"]
[Site "Szeged HUN"]
[Date "2011.10.02"]
[Round "6"]
[White "Dudas,E"]
[Black "Schneider,Ve"]
[Result "0-1"]
[WhiteElo "2212"]
[BlackElo "2297"]

1.e4 c5 2.Nf3 e6 3.d4 cxd4 4.Nxd4 a6 5.Bd3 Bc5 6.Nb3 Ba7 7.Qe2 d6 8.Be3 Nf6
9.Nc3 Nc6 10.f4 Bxe3 11.Qxe3 Qc7 12.O-O b5 13.h3 h5 14.Qg3 Kf8 15.Rae1 Qb6+
16.Kh1 h4 17.Qf3 Bb7 18.Ne2 Ne7 19.Nbd4 Nh5 20.Qf2 Qc5 21.Qxh4 Rh6 22.Qf2 Nf6
23.Ng3 g6 24.Kg1 Nd7 25.Nb3 Qxf2+ 26.Rxf2 Rc8 27.c3 f5 28.exf5 gxf5 29.Nd4 Bd5
30.Rfe2 Nc5 31.Bb1 Kf7 32.Nf1 Rg8 33.Kh2 Bc4 34.Rd2 Nd5 35.Rf2 Bd3 36.Rd1 Bxb1
37.Rxb1 Nd3 38.Rd2 N3xf4 39.Re1 Rf6 40.g3 Ng6 41.Nf3 Nge7 42.h4 Rh6 43.Kg2 Ke8
44.Ng5 Kd7 45.Ne3 f4 46.Nxd5 Nxd5 47.Re4 fxg3 48.Kxg3 Nf6 49.Red4 d5 50.c4 e5
51.Rxd5+ Nxd5 52.Rxd5+ Kc6 53.Rxe5 bxc4 54.b3 cxb3 55.axb3 Rb8 56.Re3 Rb4
57.Rc3+ Kb7 58.Nf3 Rhb6 59.Nd2 Rd4 60.Nf3 Rg6+ 61.Kh3 Rd1 62.Ng5 Rh1+ 63.Kg4 Rb1
64.Rg3 Rb6 65.h5 R1xb3 66.Rxb3 Rxb3 67.h6 Kc6 68.h7 Rb8 69.Kf4 a5 70.Nf7 a4
71.Ne5+ Kb5 72.Nd3 a3 73.Nc1 Rh8  0-1

[Event "FSIMA Oct"]
[Site "Budapest HUN"]
[Date "2011.10.03"]
[Round "3"]
[White "Hou,Qiang"]
[Black "Farago,S"]
[Result "1/2-1/2"]
[WhiteElo "2320"]
[BlackElo "2278"]

1.e4 c5 2.Nf3 e6 3.d4 cxd4 4.Nxd4 a6 5.Bd3 Bc5 6.Nb3 Ba7 7.O-O Nc6 8.Qe2 Nge7
9.Nc3 d6 10.Be3 Bxe3 11.Qxe3 O-O 12.a4 b6 13.Rad1 Qc7 14.f4 Nb4 15.Nd4 e5
16.Nf3 exf4 17.Qxf4 Qc5+ 18.Kh1 Ng6 19.Qg3 Be6 20.Ng5 Rae8 21.Nd5 Bxd5 22.exd5 Nxd3
23.Qxd3 Re3 24.Qd2 a5 25.Qf2 Re5 26.Nf3 Re4 27.b3 h6 28.Qxc5 bxc5 29.Nd2 Re2
30.Nc4 Rxc2 31.Nxd6 Ne5 32.h3 Rc3 33.Ne4 Rxb3 34.Nxc5 Rc3 35.Nb7 Rb8 36.Rb1 Nc4
37.Rb5 Ne3 38.Rfb1 Rd3 39.d6 Nc4 40.Rc1 Rd4 41.Kh2 Na3 42.Rb3 Rxd6 43.Nxa5 Rxb3
44.Nxb3 Ra6 45.a5 Nb5 46.Kg3 Nd6 47.Rc7 Kf8 48.Kf4 Ke8 49.Ke5 Kd8 50.Rc5 Nb7
51.Rb5 Re6+ 52.Kd5 Rd6+ 53.Kc4 Kc7 54.Re5 Rc6+ 55.Kb4 Rf6 56.g3 g6 57.Nd4 Kd7
58.Re3 Ra6 59.Rd3 Kc7 60.Rc3+ Kd7 61.Nb3 Re6 62.Nc5+ Nxc5 63.Rxc5 h5 64.Rc3 Ra6
65.Kb5 Ra8 66.Kb6 Rb8+ 67.Ka7 Rb4 68.a6 Rb2 69.h4 Rb4 70.Rf3 f5 71.Re3 Rb2
72.Rd3+ Kc7 73.Re3 Kd7  1/2-1/2

[Event "FSIMB Oct"]
[Site "Budapest HUN"]
[Date "2011.10.04"]
[Round "4"]
[White "Bagi,M"]
[Black "Szeberenyi,A"]
[Result "0-1"]
[WhiteElo "2309"]
[BlackElo "2309"]

1.e4 c5 2.Nf3 e6 3.d4 cxd4 4.Nxd4 a6 5.Bd3 Bc5 6.Nb3 Ba7 7.Qe2 Nc6 8.Be3 d6
9.f4 e5 10.Bxa7 Rxa7 11.f5 Nf6 12.Nc3 b5 13.O-O-O O-O 14.g4 b4 15.Nd5 a5
16.Nxf6+ Qxf6 17.Qe3 a4 18.Nd2 Nd4 19.Nf3 b3 20.cxb3 axb3 21.a3 Ra4 22.Kb1 Bb7
23.Rc1 d5 24.Rhe1 Nc2 25.Bxc2 bxc2+ 26.Rxc2 Rxe4 27.Qb3 Rxe1+ 28.Nxe1 Ba8
29.Rd2 Rd8 30.Nc2 d4 31.Qc4 Qg5 32.Qc7 h6 33.f6 Re8 34.Qd7 Rf8 35.fxg7 Kxg7
36.Nxd4 exd4 37.Qxd4+ Qf6  0-1

[Event "Nona Gaprindashvili Jubilee"]
[Site "Moscow RUS"]
[Date "2011.10.05"]
[Round "2"]
[White "Saunina,L"]
[Black "Kozlovskaya,V"]
[Result "0-1"]
[WhiteElo "2274"]
[BlackElo "2281"]

1.e4 c5 2.Nf3 e6 3.d4 cxd4 4.Nxd4 a6 5.Bd3 d6 6.O-O Nf6 7.c4 Be7 8.Nc3 O-O
9.Qe2 Nbd7 10.Bd2 Qc7 11.b3 b6 12.Rac1 Bb7 13.f4 g6 14.Kh1 Rfe8 15.Nf3 e5
16.Nd5 Nxd5 17.cxd5 Qd8 18.fxe5 Nxe5 19.Nxe5 dxe5 20.Qf3 f6 21.a4 Rc8 22.Qe2 a5
23.Be3 Rf8 24.Qf2 Qd6 25.Rxc8 Rxc8 26.Bxb6 Qb4 27.Bc4 Kg7 28.Be3 Bd8 29.Qh4 h5
30.Qh3 Qd6 31.Qf3 Rc7 32.Qf2 Rc8 33.h3 Qb4 34.Bd2 Qd6 35.Qe3 g5 36.Qf3 h4
37.Qh5 Qd7 38.Bxg5 fxg5 39.d6 Rxc4 40.Rf8 Rc1+ 41.Kh2 Kxf8 42.Qh8+ Kf7 43.Qh7+ Ke6
44.Qg6+ Bf6 45.Qf5+ Kxd6 46.Qxf6+ Kc7 47.Qxg5 Rf1 48.Qg8 Qf7  0-1

[Event "Oslo GM Open"]
[Site "Oslo NOR"]
[Date "2011.10.06"]
[Round "6.20"]
[White "Hauge,Lars Oskar"]
[Black "Haugli,P"]
[Result "1/2-1/2"]
[WhiteElo "2086"]
[BlackElo "2300"]

1.e4 c5 2.Nf3 e6 3.d4 cxd4 4.Nxd4 a6 5.Bd3 Bc5 6.Nb3 Ba7 7.O-O Ne7 8.Qe2 O-O
9.Be3 Bxe3 10.Qxe3 Nbc6 11.N1d2 d6 12.c4 b6 13.Rac1 Bb7 14.Rfd1 Qc7 15.Bb1 Rfd8
16.f4 Ng6 17.Qg3 Qe7 18.f5 Nge5 19.Rf1 Rab8 20.Rf4 a5 21.a4 Ba6 22.Rcf1 f6
23.fxe6 Kh8 24.Qh3 Bc8 25.Rh4 g6 26.Rhf4 Bxe6 27.Qc3 Rf8 28.Nd4 Nxd4 29.Qxd4 Kg7
30.Bc2 Qc7 31.b3 Qc5 32.Qxc5 dxc5 33.Nb1 Rbd8 34.Nc3 Rd4 35.Nd5 Bxd5 36.exd5 Rxf4
37.Rxf4 f5 38.h3 Kf6 39.Rf1 Ke7 40.Kf2 Kd6 41.Re1 f4 42.Be4 Rf6 43.Re2 h6
44.Re1 g5 45.Bc2 h5 46.Be4 Rh6 47.h4 g4 48.g3 fxg3+ 49.Kxg3 Rf6 50.Re2 Rf1  1/2-1/2

[Event "20th TCh-CRO 1b"]
[Site "Sibenik CRO"]
[Date "2011.10.06"]
[Round "3.5"]
[White "Popovic,Du"]
[Black "Plenca,J"]
[Result "1-0"]
[WhiteElo "2579"]
[BlackElo "2334"]

1.e4 c5 2.Nf3 e6 3.d4 cxd4 4.Nxd4 a6 5.Bd3 Nf6 6.O-O Qc7 7.Qe2 d6 8.c4 Nc6
9.Nxc6 bxc6 10.Nc3 e5 11.c5 dxc5 12.Na4 Be7 13.Be3 O-O 14.Rac1 Rd8 15.h3 Nh5
16.Qxh5 Rxd3 17.Bxc5 Rb8 18.Qe2 Rd7 19.Bxe7 Rxe7 20.Rc3 Rb4 21.Rfc1 Bb7 22.Nc5 Rb6
23.Rd3 Bc8 24.Rcd1 Re8 25.b3 Qe7 26.Qc2 Rf8 27.Rd6 Qg5 28.Qd3 g6 29.Rd8 Rb5
30.b4 Rb8 31.Qd6 Rxd8 32.Qxd8+ Qxd8 33.Rxd8+ Kg7 34.a3 Ra8 35.Nd7 Bb7 36.Rxa8 Bxa8
37.Nc5 f5 38.f3 a5 39.bxa5 Kf7 40.a6 fxe4 41.Nxe4  1-0

[Event "20th TCh-CRO 1a"]
[Site "Sibenik CRO"]
[Date "2011.10.06"]
[Round "3.4"]
[White "Brkic,A"]
[Black "Sax,G"]
[Result "1/2-1/2"]
[WhiteElo "2606"]
[BlackElo "2492"]

1.e4 c5 2.Nf3 e6 3.d4 cxd4 4.Nxd4 a6 5.Bd3 Bc5 6.Nb3 Be7 7.O-O d6 8.Qg4 Bf6
9.Qg3 Ne7 10.N1d2 Nbc6 11.Nc4 e5 12.Be3 Be6 13.Nb6 Rb8 14.c4 Nd4 15.Nd5 Bxd5
16.cxd5 Nxb3 17.axb3 Ng6 18.Rfc1 O-O 19.Qg4 h6 20.g3 Bg5 21.Bxg5 hxg5 22.Rc3 Re8
23.Rac1 Nf8 24.Rc7 g6 25.b4 Kg7 26.Kg2 Nh7 27.Rd7 Nf6 28.Rxd8 Nxg4 29.Rxd6 Nf6
30.Rc7 Rec8 31.Re7 Rc1 32.Kf3 Re1 33.Rxe5 g4+ 34.Kf4 Rh8 35.Re7 Rxh2 36.e5 Rxf2+
37.Kg5 Ne4+ 38.Kxg4 Rf5 39.Bxe4 Rxe4+ 40.Kh3 Rexe5  1/2-1/2

[Event "Oslo GM Open"]
[Site "Oslo NOR"]
[Date "2011.10.07"]
[Round "7.7"]
[White "Gullaksen,E"]
[Black "Kulaots,K"]
[Result "0-1"]
[WhiteElo "2376"]
[BlackElo "2592"]

1.e4 c5 2.Nf3 e6 3.d4 cxd4 4.Nxd4 a6 5.Bd3 Bc5 6.Nb3 Be7 7.Qg4 g6 8.Qe2 d6
9.a4 Nc6 10.a5 Nf6 11.Bh6 Ne5 12.h3 Bd7 13.Nc3 Rc8 14.O-O Nh5 15.Be3 Bg5
16.Qd2 Bxe3 17.Qxe3 O-O 18.f4 Nxd3 19.cxd3 f5 20.e5 dxe5 21.Qxe5 Qc7 22.Rae1 Rfd8
23.Kh2 Be8 24.d4 Qc4 25.Nc5 Qxd4 26.Nxb7 Qxe5 27.Rxe5 Rd2 28.Nc5 Bc6 29.Ne2 Bb5
30.g4 Rxe2+ 31.Rxe2 Bxe2  0-1

[Event "20th TCh-CRO 1b"]
[Site "Sibenik CRO"]
[Date "2011.10.07"]
[Round "4.4"]
[White "Dutina,D"]
[Black "Franic,M"]
[Result "0-1"]
[WhiteElo "2302"]
[BlackElo "2379"]

1.e4 c5 2.Nf3 e6 3.d4 cxd4 4.Nxd4 a6 5.Bd3 Nf6 6.Qe2 d6 7.O-O g6 8.c4 Bg7
9.Nc3 O-O 10.Be3 Nbd7 11.Rfd1 Qc7 12.Rac1 b6 13.f3 Bb7 14.Qf2 Rab8 15.Bf1 Ba8
16.b4 Rfe8 17.Nb3 Bf8 18.Na4 Qc6 19.Nc3 Rec8 20.Rd2 Ne5 21.Rdc2 Nfd7 22.Be2 Qb7
23.Nd2 f5 24.a3 Bg7 25.h3 Rf8 26.f4 Nf7 27.Bf3 Qc7 28.Na4 fxe4 29.Nxe4 e5
30.Nd2 exf4 31.Bxf4 Nfe5 32.Bd5+ Kh8 33.Qg3 Qd8 34.Bxa8 Rxa8 35.Ne4 b5 36.Nb2 bxc4
37.Nxd6 Qb6+ 38.Kh1 Qxd6 39.Nxc4 Qd3 40.Nxe5 Qxg3 41.Bxg3 Bxe5 42.Bxe5+ Nxe5
43.Rc7 Rf7 44.Rxf7 Nxf7 45.Rc6 Kg7 46.Kg1 h5 47.Kf2 Ne5 48.Rc7+ Kf6 49.Ke3 Rd8  0-1